000 00725cab a2200229 4500
001 WB2820-38
008 090401t1992 xxu||||| |||| 00| 0 eng d
035 _a(Sirsi) u12909
041 _aeng
245 _aSlump led to bank`s rescue
260 _c1992
350 _a0
490 _aEuropean
_v21 May 1992, 42(1)
520 _aThe Swedish Government`s help for Nordbanken, the country`s second largest commercial bank, has shown how much damage has been caused to Scandinavian financial institutions by the collapse in property markets.
650 _aFINANCIAL INSTITUTIONS
650 _aRECESSION
650 _aSCANDINAVIA
650 _aSWEDEN
690 _aOVERSEAS-EUROPE
942 _n0
948 _c04/03/1997
999 _c8289
_d8289